Pozycja Corporate Name
Liczba rekordów, w których użyto hasła: 1
001 - Numer kontrolny
- control field: 39314
003 - Identyfikator numeru kontrolnego
- control field: NUKAT
005 - Data i czas ostatniej modyfikacji
- control field: 20260331134819.0
008 - Dane kontrolne kodowane (40 znaków)
- fixed length control field: 070801n||azznnbabn |a ana |
010 ## - Numer kontrolny Biblioteki Kongresu
- numer kontrolny LC: p 2007732841
024 7# - OTHER STANDARD IDENTIFIER
- Standard number or code: 5930150749016216420001
- Source of number or code: viaf
035 ## - Numer systemowy
- numer systemowy: a20479530
035 ## - Numer systemowy
- numer systemowy: (PL)a0000002047953
040 ## - Instytucja sporządzająca rekord
- inst. przygot. dane do rek. khw: WA N
- język haseł przedmiotowych/tezaurus: DBN
- inst. wprow. rek. khw: WA N
110 2# - Hasło - nazwa ciała zbiorowego
- nazwa ciała zbior. lub geogr. na pocz.: Komitet Wojewódzki PZPR (Olsztyn)
410 2# - Trop zob. - nazwa ciała zbiorowego
- nazwa ciała zbior. lub geogr. na pocz.: Komitet Wojewódzki PZPR w Olsztynie
410 2# - Trop zob. - nazwa ciała zbiorowego
- nazwa ciała zbior. lub geogr. na pocz.: Komitet Wojewódzki Polskiej Zjednoczonej Partii Robotniczej (Olsztyn)
410 2# - Trop zob. - nazwa ciała zbiorowego
- nazwa ciała zbior. lub geogr. na pocz.: KW PZPR Olsztyn
410 2# - Trop zob. - nazwa ciała zbiorowego
- nazwa ciała zbior. lub geogr. na pocz.: Polska Zjednoczona Partia Robotnicza.
- nazwa jednostki podrzędnej: Komitet Wojewódzki w Olsztynie
410 2# - Trop zob. - nazwa ciała zbiorowego
- nazwa ciała zbior. lub geogr. na pocz.: Polska Zjednoczona Partia Robotnicza.
- nazwa jednostki podrzędnej: Komitet Wojewódzki (Olsztyn)
410 2# - Trop zob. - nazwa ciała zbiorowego
- nazwa ciała zbior. lub geogr. na pocz.: PZPR.
- nazwa jednostki podrzędnej: Komitet Wojewódzki (Olsztyn)
510 2# - Trop zob. też - nazwa ciała zbiorowego
- podpole kontrolne: g
- nazwa ciała zbior. lub geogr. na pocz.: Komitet Centralny PZPR
510 2# - Trop zob. też - nazwa ciała zbiorowego
- podpole kontrolne: h
- nazwa ciała zbior. lub geogr. na pocz.: Komitet Powiatowy PZPR (Bartoszyce)
510 2# - Trop zob. też - nazwa ciała zbiorowego
- podpole kontrolne: h
- nazwa ciała zbior. lub geogr. na pocz.: Komitet Powiatowy PZPR (Braniewo)
510 2# - Trop zob. też - nazwa ciała zbiorowego
- podpole kontrolne: h
- nazwa ciała zbior. lub geogr. na pocz.: Komitet Powiatowy PZPR (Mrągowo)
510 2# - Trop zob. też - nazwa ciała zbiorowego
- podpole kontrolne: h
- nazwa ciała zbior. lub geogr. na pocz.: Wieczorowy Uniwersytet Marksizmu-Leninizmu (Olsztyn)
510 2# - Trop zob. też - nazwa ciała zbiorowego
- podpole kontrolne: h
- nazwa ciała zbior. lub geogr. na pocz.: Wydział Propagandy PZPR (Olsztyn)
670 ## - Źródło informacji
- źródło informacji: Materiały do uchwały Wojewódzkiej Konferencji Sprawozdawczo-Wyborczej Polskiej Zjednoczonej Partii Robotniczej w Olsztynie. - Olsztyn, 1956.
670 ## - Źródło informacji
- źródło informacji: PZPR - struktura organizacyjna.
- adres internetowy: http://historia.org.pl/2016/08/18/pzpr-struktura-organizacyjna